00748cam a22002291 4500001001300000003000400013005001700017008004100034010001700075035001900092040004200111042001200153050002000165100003800185245011400223250001100337260004800348300004900396504002900445650002700474999001700501sg 44000264 DLC20260227112744.0820610s1944 moua b 001 0 eng c asg 44000264  a(OCoLC)8509199 aU. S. Army Medical LibrarycCU-MdDLC apremarc00aRB37b.B78 19441 aBray, William Edward,d1882-1959.10aSynopsis of clinical laboratory methodscby W. E. Bray. Ninety-three text illustrations, twenty color plates. a3d ed. aSt. Louis,bThe C. V. Mosby Company,c1944. a528 p.billus., xx col. pl., diagrs.c20 cm. aIncludes bibliographies. 0aDiagnosis, Laboratory. c90477d90477